Essays in sociology and social philosophy / (Record no. 32981)
[ view plain ]
| 000 -LEADER | |
|---|---|
| fixed length control field | 00987nam a22002891 4500 |
| 001 - CONTROL NUMBER | |
| control field | 32981 |
| 003 - CONTROL NUMBER IDENTIFIER | |
| rucl marc code | BD-RjUL |
| 005 - DATE AND TIME OF LATEST TRANSACTION | |
| control field | 20211209051928.0 |
| 008 - FIXED-LENGTH DATA ELEMENTS--GENERAL INFORMATION | |
| fixed length control field | 140429s1961 enk b 001 0 eng d |
| 035 ## - SYSTEM CONTROL NUMBER | |
| System control number | (BD-RjUL)33071 |
| System control number | (OCoLC)263385 |
| 040 ## - CATALOGING SOURCE | |
| Original cataloging agency | DLC |
| Transcribing agency | ODaWU |
| Modifying agency | NBrockU |
| -- | OCoLC |
| -- | Uk |
| -- | DLC |
| -- | BD-RjUL |
| Language of cataloging | eng |
| 041 ## - LANGUAGE CODE | |
| Language code of text/sound track or separate title | eng |
| 082 04 - DEWEY DECIMAL CLASSIFICATION NUMBER | |
| Classification number | 301.15 |
| Author mark and year | GIE V-3 1961 |
| 100 1# - MAIN ENTRY--PERSONAL NAME | |
| Personal name | Ginsberg, Morris, |
| Dates associated with a name | 1889-1970. |
| 9 (RLIN) | 100225 |
| 245 10 - TITLE STATEMENT | |
| Title | Essays in sociology and social philosophy / |
| Statement of responsibility, etc. | Morris Ginsberg |
| Number of part/section of a work | Volume Three : |
| Name of part/section of a work | Evolution and Progress |
| 260 ## - PUBLICATION, DISTRIBUTION, ETC. (IMPRINT) | |
| Place of publication, distribution, etc. | London : |
| Name of publisher, distributor, etc. | William Heinemann, |
| Date of publication, distribution, etc. | 1961. |
| 300 ## - PHYSICAL DESCRIPTION | |
| Pagination | xii,283 p. ; |
| Size | 23 cm. |
| 490 0# - SERIES STATEMENT | |
| Series statement | Heinemann books on sociology |
| 504 ## - BIBLIOGRAPHY, ETC. NOTE | |
| Bibliography, etc | Includes bibliographies and Index |
| 505 0# - FORMATTED CONTENTS NOTE | |
| Formatted contents note | v. 1. On the diversity of morals.--v. 2. Reason and unreason in society.--v. 3. Evolution and progress. |
| 650 #0 - SUBJECT ADDED ENTRY--TOPICAL TERM | |
| Topical term or geographic name as entry element | Sociology. |
| 9 (RLIN) | 100229 |
| Topical term or geographic name as entry element | Social ethics. |
| 9 (RLIN) | 5055 |
| 942 ## - ADDED ENTRY ELEMENTS (KOHA) | |
| Source of classification or shelving scheme | Dewey Decimal Classification |
| Koha item type | Books |
| Lost status | Source of classification or shelving scheme | Damaged status | Not for loan | Collection code | Permanent Location | Current Location | Shelving location | Date acquired | Source of acquisition | Cost, normal purchase price | Total Checkouts | Full call number | Date last seen | Copy number | Koha item type |
|---|---|---|---|---|---|---|---|---|---|---|---|---|---|---|---|
| Dewey Decimal Classification | Not For Loan | Non-fiction | Central Library, University of Rajshahi | Central Library, University of Rajshahi | Reading Room | 09/03/1966 | Zeitlinger | 0.00 | 301.15 GIE V-3 1961 | 29/04/2014 | C-1 | Books | |||
| Dewey Decimal Classification | Non-fiction | Central Library, University of Rajshahi | Central Library, University of Rajshahi | 15/01/1965 | zeithinger | 25.00 | 301.15 GIE V-3 1961 | 11/05/2014 | C-2 | Books |